000 00562nam a2200193 i 4500
001 23589
003 ES-MaACL
005 20250826051215.0
007 t|
008 021211s1944 sp ||||1| spa d
100 1 _aAlvarez de Cienfuegos y Cobos, José.
_920756
245 1 0 _aHacienda pública /
_cJosé Alvarez de Cienfuegos y Cobos.
250 _a1ª ed.
260 _aGranada :
_bPrieto,
_c1944 (
_fUrania)
300 _a597 p. ;
_c25 cm.
650 7 _aHacienda pública
_2embne
_913279
852 _aES-MaACL
_jB-10552
_bR.22052
999 _c23589
_d23589